Sports Quiz

Random Sports or Basketball Quiz

Carolina Basketball 2005 Championship Quiz Stats

Quiz not verified by Sporcle

Challenge
Share
Tweet
Embed
Score 0/6 Timer 04:00
0 Plays Today
% Correct
Illinois
96.2%
Michigan State
85.6%
Villanova
67.9%
Wisconsin
58.4%
Oakland
37.8%
Iowa State
35.9%

You're not logged in!

Compare scores with friends on all Sporcle quizzes.
Sign Up with Email
OR
Log In

You Might Also Like...

Show Comments

Extras

Top Quizzes Today


Score Distribution

Your Account Isn't Verified!

In order to create a playlist on Sporcle, you need to verify the email address you used during registration. Go to your Sporcle Settings to finish the process.